000
00317 a2200145 4500
001
185986
020
_a
040
_c
Magnum
100
_a
Almeida, Silas Leite de
240
1
0
_a
Escravo a governador
_l
por
245
1
0
_a
Escravo a governador
300
_a
31
697
_a
LITERATURA INFANTO-JUVENIL
942
_c
BK
999
_c
185986
_d
185986